| 000 | 00583nam a2200217Ia 4500 | ||
|---|---|---|---|
| 005 | 20250923144629.0 | ||
| 008 | 008 250917s9999 xx 000 0 eng d | ||
| 037 | _aTextual | ||
| 040 |
_aDSWL _beng _cDSWL |
||
| 041 |
_aeng _2eng |
||
| 084 |
_aS, J8 _qDSWL |
||
| 100 |
_aKrech, David _9826815 |
||
| 245 | 0 |
_aElements of psychology _cby David Krech |
|
| 260 |
_aNew York _b Alfred A. Knoff _c1958 |
||
| 300 | _axxi,700,xxxip. | ||
| 365 |
_aUSD _b6.5 |
||
| 700 |
_a R.S. Crutchfield _9826816 |
||
| 925 | _g6.5 | ||
| 942 |
_cTEXL _hS, J8 |
||
| 999 |
_c1441391 _d1441391 |
||